00338nam a2200121Ia 4500008004100000041000800041082001200049100001200061245006500073260003500138500001700173650002600190220803s9999 xx 000 0 und d aeng a722 AME aAmeen F aSouth Asian Paradigm Contemporary Architecture And City Form aMumbaibMarg Publicationc1997 aArchitecture aArchitectural History